[Event "Druzheskij Blitz (3+2) turnir ¹3 na Iristonskoj 06.10.2019g."]
[Site "VLADIKAVKAZ"]
[Date "2019.10.06"]
[Round "4.4"]
[White "Gaboev, Batraz"]
[Black "Agkatsev, Felix A"]
[Result "0-1"]
[TimeControl "3' + 2\""]
[WhiteElo "1987"]
[BlackElo "1583"]

1. e4 {[%clk 00:03:02]} {[%emt 00:00:01]} e6 {[%clk 00:03:04]} 2. d4 {[%clk
00:03:02]} {[%emt 00:00:03]} d5 {[%clk 00:03:05]} 3. Nc3 {[%clk 00:03:03]}
{[%emt 00:00:02]} Nf6 {[%clk 00:03:05]} {[%emt 00:00:02]} 4. Bg5 {[%clk
00:03:02]} {[%emt 00:00:03]} Be7 {[%clk 00:03:06]} {[%emt 00:00:02]} 5. e5
{[%clk 00:03:02]} {[%emt 00:00:02]} Nfd7 {[%clk 00:03:07]} {[%emt 00:00:01]} 6.
h4 {[%clk 00:03:04]} c5 {[%clk 00:03:02]} {[%emt 00:00:07]} 7. Nb5 {[%clk
00:02:56]} {[%emt 00:00:10]} Qa5+ {[%clk 00:02:40]} {[%emt 00:00:23]} 8. Qd2
{[%clk 00:02:56]} {[%emt 00:00:01]} Qxd2+ {[%clk 00:02:36]} {[%emt 00:00:08]} 9.
Kxd2 {[%clk 00:02:56]} {[%emt 00:00:01]} Bxg5+ {[%clk 00:02:34]} {[%emt
00:00:04]} 10. hxg5 {[%clk 00:02:57]} Na6 {[%clk 00:02:33]} {[%emt 00:00:04]}
11. c3 {[%clk 00:02:38]} {[%emt 00:00:21]} Ke7 {[%clk 00:02:24]} {[%emt
00:00:11]} 12. Bd3 {[%clk 00:02:32]} {[%emt 00:00:07]} g6 {[%clk 00:02:22]}
{[%emt 00:00:05]} 13. Nf3 {[%clk 00:02:31]} {[%emt 00:00:03]} cxd4 {[%clk
00:02:19]} {[%emt 00:00:05]} 14. cxd4 {[%clk 00:02:32]} {[%emt 00:00:01]} Nb4
{[%clk 00:02:17]} {[%emt 00:00:03]} 15. Nh2 {[%clk 00:02:16]} {[%emt 00:00:19]}
b6 {[%clk 00:02:05]} {[%emt 00:00:14]} 16. Ng4 {[%clk 00:02:14]} {[%emt
00:00:03]} Nxd3 {[%clk 00:02:03]} {[%emt 00:00:05]} 17. Kxd3 {[%clk 00:02:15]}
{[%emt 00:00:01]} Ba6 {[%clk 00:02:04]} 18. a4 {[%clk 00:02:17]} Rac8 {[%clk
00:01:48]} {[%emt 00:00:17]} 19. Rac1 {[%clk 00:02:12]} {[%emt 00:00:06]} Rxc1
{[%clk 00:01:41]} {[%emt 00:00:10]} 20. Rxc1 {[%clk 00:02:13]} Rc8 {[%clk
00:01:31]} {[%emt 00:00:12]} 21. Rh1 {[%clk 00:02:03]} {[%emt 00:00:11]} Nf8
{[%clk 00:01:21]} {[%emt 00:00:13]} 22. b3 {[%clk 00:02:01]} {[%emt 00:00:04]}
Rc6 {[%clk 00:00:55]} {[%emt 00:00:26]} 23. Nf6 {[%clk 00:02:01]} {[%emt
00:00:03]} Rc7 {[%clk 00:00:52]} {[%emt 00:00:04]} 24. Nxh7 {[%clk 00:02:00]}
{[%emt 00:00:04]} Nxh7 {[%clk 00:00:53]} 25. Rxh7 {[%clk 00:02:01]} {[%emt
00:00:01]} Rc1 {[%clk 00:00:53]} {[%emt 00:00:02]} 26. Rh8 {[%clk 00:01:50]}
{[%emt 00:00:12]} Rf1 {[%clk 00:00:31]} {[%emt 00:00:24]} 27. Ra8 {[%clk
00:01:39]} {[%emt 00:00:13]} Bxb5+ {[%clk 00:00:32]} {[%emt 00:00:01]} 28. axb5
{[%clk 00:01:41]} Ra1 {[%clk 00:00:33]} {[%emt 00:00:01]} 29. Rc8 {[%clk
00:01:31]} {[%emt 00:00:11]} Kd7 {[%clk 00:00:25]} {[%emt 00:00:11]} 30. Rf8
{[%clk 00:01:32]} {[%emt 00:00:01]} Ke7 {[%clk 00:00:26]} 31. Rb8 {[%clk
00:01:33]} Ra5 {[%clk 00:00:23]} {[%emt 00:00:07]} 32. Rb7+ {[%clk 00:01:32]}
{[%emt 00:00:02]} Ke8 {[%clk 00:00:24]} 33. Kc3 {[%clk 00:01:26]} {[%emt
00:00:07]} Ra3 {[%clk 00:00:11]} {[%emt 00:00:16]} 34. Kb2 {[%clk 00:01:23]}
{[%emt 00:00:05]} Ra5 {[%clk 00:00:10]} {[%emt 00:00:04]} 35. b4 {[%clk
00:01:24]} {[%emt 00:00:01]} Rxb5 {[%clk 00:00:11]} {[%emt 00:00:01]} 36. Kc3
{[%clk 00:01:24]} {[%emt 00:00:01]} a6 {[%clk 00:00:10]} {[%emt 00:00:03]} 37.
f4 {[%clk 00:01:23]} {[%emt 00:00:03]} a5 {[%clk 00:00:11]} {[%emt 00:00:02]}
38. bxa5 {[%clk 00:01:23]} {[%emt 00:00:01]} Rxa5 {[%clk 00:00:12]} 39. g4
{[%clk 00:01:20]} {[%emt 00:00:05]} Ra3+ {[%clk 00:00:11]} {[%emt 00:00:03]} 40.
Kb4 {[%clk 00:01:21]} {[%emt 00:00:01]} Rg3 {[%clk 00:00:12]} 41. Kb5 {[%clk
00:01:19]} {[%emt 00:00:03]} Rxg4 {[%clk 00:00:13]} {[%emt 00:00:01]} 42. Kc6
{[%clk 00:01:20]} Rxf4 {[%clk 00:00:11]} {[%emt 00:00:04]} 43. Kd6 {[%clk
00:01:21]} {[%emt 00:00:01]} Kf8 {[%clk 00:00:12]} {[%emt 00:00:01]} 44. Rxb6
{[%clk 00:01:18]} {[%emt 00:00:04]} Rxd4 {[%clk 00:00:12]} {[%emt 00:00:02]} 45.
Rb8+ {[%clk 00:01:19]} Kg7 {[%clk 00:00:14]} {[%emt 00:00:01]} 46. Rb7 {[%clk
00:01:14]} {[%emt 00:00:06]} Rg4 {[%clk 00:00:13]} {[%emt 00:00:03]} 47. Ke7
{[%clk 00:01:15]} {[%emt 00:00:01]} Rxg5 {[%clk 00:00:13]} {[%emt 00:00:02]} 48.
Rb8 {[%clk 00:01:15]} {[%emt 00:00:02]} Rxe5 {[%clk 00:00:14]} {[%emt
00:00:02]} 49. Rf8 {[%clk 00:01:15]} {[%emt 00:00:02]} Rf5 {[%clk 00:00:15]}
{[%emt 00:00:01]} 50. Rd8 {[%clk 00:01:16]} g5 {[%clk 00:00:12]} {[%emt
00:00:05]} 51. Ra8 {[%clk 00:01:14]} {[%emt 00:00:04]} g4 {[%clk 00:00:12]}
{[%emt 00:00:01]} 52. Ra4 {[%clk 00:01:14]} {[%emt 00:00:02]} Rg5 {[%clk
00:00:12]} {[%emt 00:00:02]} 53. Ra2 {[%clk 00:01:15]} {[%emt 00:00:01]} e5
{[%clk 00:00:10]} {[%emt 00:00:04]} 54. Kd6 {[%clk 00:01:16]} e4 {[%clk
00:00:11]} {[%emt 00:00:02]} 55. Re2 {[%clk 00:01:16]} {[%emt 00:00:01]} g3
{[%clk 00:00:11]} {[%emt 00:00:02]} 56. Rg2 {[%clk 00:01:17]} e3 {[%clk
00:00:13]} 57. Kc5 {[%clk 00:01:18]} {[%emt 00:00:02]} e2 {[%clk 00:00:14]}
{[%emt 00:00:01]} 0-1

[Event "Druzheskij Blitz (3+2) turnir ¹3 na Iristonskoj 06.10.2019g."]
[Site "VLADIKAVKAZ"]
[Date "2019.10.06"]
[Round "4.5"]
[White "Basiev, Valeriy P."]
[Black "Hortiev, Alan"]
[Result "1-0"]
[TimeControl "3' + 2\""]
[WhiteElo "2002"]
[BlackElo "1638"]

1. c4 {[%clk 00:03:02]} e6 {[%clk 00:03:02]} {[%emt 00:00:03]} 2. Nc3 {[%clk
00:03:03]} {[%emt 00:00:01]} d5 {[%clk 00:03:02]} {[%emt 00:00:02]} 3. e3
{[%clk 00:03:03]} {[%emt 00:00:01]} Nf6 {[%clk 00:03:01]} {[%emt 00:00:03]} 4.
Nf3 {[%clk 00:03:04]} {[%emt 00:00:01]} Be7 {[%clk 00:03:03]} {[%emt 00:00:01]}
5. b3 {[%clk 00:03:03]} {[%emt 00:00:02]} O-O {[%clk 00:03:02]} {[%emt
00:00:03]} 6. Bb2 {[%clk 00:03:04]} {[%emt 00:00:01]} Nbd7 {[%clk 00:02:58]}
{[%emt 00:00:06]} 7. d4 {[%clk 00:03:04]} {[%emt 00:00:02]} c6 {[%clk
00:02:55]} {[%emt 00:00:06]} 8. Be2 {[%clk 00:03:04]} {[%emt 00:00:01]} dxc4
{[%clk 00:02:54]} {[%emt 00:00:03]} 9. bxc4 {[%clk 00:03:04]} {[%emt 00:00:01]}
Qc7 {[%clk 00:02:45]} {[%emt 00:00:12]} 10. O-O {[%clk 00:03:04]} {[%emt
00:00:02]} b6 {[%clk 00:02:46]} {[%emt 00:00:02]} 11. Rc1 {[%clk 00:03:02]}
{[%emt 00:00:03]} Bb7 {[%clk 00:02:47]} {[%emt 00:00:02]} 12. e4 {[%clk
00:02:59]} {[%emt 00:00:04]} c5 {[%clk 00:02:36]} {[%emt 00:00:14]} 13. d5
{[%clk 00:03:00]} exd5 {[%clk 00:02:22]} {[%emt 00:00:16]} 14. cxd5 {[%clk
00:03:01]} {[%emt 00:00:01]} Rad8 {[%clk 00:02:04]} {[%emt 00:00:20]} 15. Nb5
{[%clk 00:02:56]} {[%emt 00:00:07]} Qb8 {[%clk 00:02:05]} {[%emt 00:00:01]} 16.
d6 {[%clk 00:02:53]} {[%emt 00:00:05]} a6 {[%clk 00:02:04]} {[%emt 00:00:03]}
17. dxe7 {[%clk 00:02:53]} {[%emt 00:00:01]} axb5 {[%clk 00:02:00]} {[%emt
00:00:06]} 18. exf8=Q+ {[%clk 00:02:37]} {[%emt 00:00:18]} Nxf8 {[%clk
00:01:53]} {[%emt 00:00:10]} 19. Qb3 {[%clk 00:02:33]} {[%emt 00:00:05]} Bxe4
{[%clk 00:01:35]} {[%emt 00:00:21]} 20. Bxf6 {[%clk 00:02:30]} {[%emt
00:00:05]} gxf6 {[%clk 00:01:31]} {[%emt 00:00:06]} 21. Qxb5 {[%clk 00:02:30]}
{[%emt 00:00:01]} Ne6 {[%clk 00:01:26]} {[%emt 00:00:07]} 22. Rfd1 {[%clk
00:02:25]} {[%emt 00:00:07]} Re8 {[%clk 00:01:13]} {[%emt 00:00:15]} 23. g3
{[%clk 00:01:56]} {[%emt 00:00:31]} Bxf3 {[%clk 00:01:07]} {[%emt 00:00:09]} 24.
Bxf3 {[%clk 00:01:57]} {[%emt 00:00:01]} Nd4 {[%clk 00:01:08]} 25. Qd3 {[%clk
00:01:46]} {[%emt 00:00:13]} Rd8 {[%clk 00:00:55]} {[%emt 00:00:16]} 26. Qe4
{[%clk 00:01:35]} {[%emt 00:00:11]} f5 {[%clk 00:00:52]} {[%emt 00:00:06]} 27.
Qe3 {[%clk 00:01:29]} {[%emt 00:00:09]} Re8 {[%clk 00:00:52]} {[%emt 00:00:03]}
28. Qg5+ {[%clk 00:01:29]} {[%emt 00:00:01]} Kh8 {[%clk 00:00:52]} {[%emt
00:00:01]} 29. Qf6+ {[%clk 00:01:26]} {[%emt 00:00:05]} Kg8 {[%clk 00:00:53]}
30. Bh5 {[%clk 00:01:26]} {[%emt 00:00:03]} Qb7 {[%clk 00:00:45]} {[%emt
00:00:11]} 31. Re1 {[%clk 00:01:22]} {[%emt 00:00:06]} Re6 {[%clk 00:00:18]}
{[%emt 00:00:28]} 32. Rxe6 {[%clk 00:01:15]} {[%emt 00:00:10]} Nxe6 {[%clk
00:00:17]} {[%emt 00:00:03]} 33. Qxf5 {[%clk 00:01:09]} {[%emt 00:00:07]} Qe7
{[%clk 00:00:12]} {[%emt 00:00:07]} 34. Re1 {[%clk 00:01:03]} {[%emt 00:00:08]}
Qd7 {[%clk 00:00:07]} {[%emt 00:00:08]} 35. Bxf7+ {[%clk 00:00:46]} {[%emt
00:00:18]} Qxf7 {[%clk 00:00:05]} {[%emt 00:00:04]} 36. Qxe6 {[%clk 00:00:47]}
{[%emt 00:00:02]} 1-0

[Event "Druzheskij Blitz (3+2) turnir ¹3 na Iristonskoj 06.10.2019g."]
[Site "VLADIKAVKAZ"]
[Date "2019.10.06"]
[Round "5.1"]
[White "Hortiev, Alan"]
[Black "Morozov, Vadim"]
[Result "0-1"]
[TimeControl "3' + 2\""]
[WhiteElo "1638"]
[BlackElo "1870"]

1. e4 {[%clk 00:03:03]} e6 {[%clk 00:02:59]} {[%emt 00:00:06]} 2. d4 {[%clk
00:03:02]} {[%emt 00:00:02]} d5 {[%clk 00:03:00]} 3. Nc3 {[%clk 00:03:03]}
{[%emt 00:00:01]} Bb4 {[%clk 00:03:01]} 4. e5 {[%clk 00:02:50]} {[%emt
00:00:15]} Ne7 {[%clk 00:03:01]} {[%emt 00:00:02]} 5. Nf3 {[%clk 00:02:44]}
{[%emt 00:00:08]} c5 {[%clk 00:02:57]} {[%emt 00:00:06]} 6. a3 {[%clk
00:02:43]} {[%emt 00:00:03]} Ba5 {[%clk 00:02:49]} {[%emt 00:00:09]} 7. dxc5
{[%clk 00:02:44]} {[%emt 00:00:02]} Bxc3+ {[%clk 00:02:50]} {[%emt 00:00:01]} 8.
bxc3 {[%clk 00:02:43]} {[%emt 00:00:03]} Nbc6 {[%clk 00:02:50]} 9. Bb5 {[%clk
00:02:35]} {[%emt 00:00:11]} Bd7 {[%clk 00:02:50]} {[%emt 00:00:02]} 10. O-O
{[%clk 00:02:30]} {[%emt 00:00:06]} Nxe5 {[%clk 00:02:39]} {[%emt 00:00:13]} 11.
Bxd7+ {[%clk 00:02:16]} {[%emt 00:00:16]} Nxd7 {[%clk 00:02:40]} {[%emt
00:00:01]} 12. Bg5 {[%clk 00:02:17]} {[%emt 00:00:01]} Nxc5 {[%clk 00:02:21]}
{[%emt 00:00:21]} 13. Qd4 {[%clk 00:02:09]} {[%emt 00:00:10]} Ne4 {[%clk
00:02:03]} {[%emt 00:00:19]} 14. Bxe7 {[%clk 00:01:59]} {[%emt 00:00:12]} Qxe7
{[%clk 00:02:01]} {[%emt 00:00:04]} 15. Qxg7 {[%clk 00:01:58]} {[%emt
00:00:04]} Qf6 {[%clk 00:01:40]} {[%emt 00:00:22]} 16. Qxf6 {[%clk 00:01:22]}
{[%emt 00:00:38]} Nxf6 {[%clk 00:01:41]} {[%emt 00:00:01]} 17. Ne5 {[%clk
00:01:21]} {[%emt 00:00:04]} Nd7 {[%clk 00:01:40]} {[%emt 00:00:03]} 18. Nf3
{[%clk 00:01:15]} {[%emt 00:00:07]} Rc8 {[%clk 00:01:35]} {[%emt 00:00:07]} 19.
Rab1 {[%clk 00:01:16]} {[%emt 00:00:02]} b6 {[%clk 00:01:35]} {[%emt 00:00:01]}
20. Rb3 {[%clk 00:01:11]} {[%emt 00:00:07]} Rc7 {[%clk 00:01:30]} {[%emt
00:00:06]} 21. Re1 {[%clk 00:01:11]} {[%emt 00:00:03]} Ke7 {[%clk 00:01:24]}
{[%emt 00:00:08]} 22. g3 {[%clk 00:01:10]} {[%emt 00:00:03]} Rhc8 {[%clk
00:01:24]} {[%emt 00:00:01]} 23. Re3 {[%clk 00:01:07]} {[%emt 00:00:05]} Nc5
{[%clk 00:01:14]} {[%emt 00:00:12]} 24. Rb4 {[%clk 00:01:04]} {[%emt 00:00:06]}
Ne4 {[%clk 00:01:09]} {[%emt 00:00:06]} 25. c4 {[%clk 00:00:58]} {[%emt
00:00:08]} Rxc4 {[%clk 00:01:05]} {[%emt 00:00:05]} 26. Rxc4 {[%clk 00:00:51]}
{[%emt 00:00:09]} Rxc4 {[%clk 00:01:06]} {[%emt 00:00:01]} 27. Ne5 {[%clk
00:00:49]} {[%emt 00:00:04]} Rxc2 {[%clk 00:01:04]} {[%emt 00:00:04]} 28. Rf3
{[%emt 00:00:08]} f5 {[%clk 00:00:50]} {[%emt 00:00:12]} 29. h4 {[%clk
00:00:39]} {[%emt 00:00:11]} Kd6 {[%clk 00:00:45]} {[%emt 00:00:06]} 30. Nf7+
{[%clk 00:00:34]} {[%emt 00:00:07]} Ke7 {[%clk 00:00:26]} {[%emt 00:00:21]} 31.
Ne5 {[%clk 00:00:35]} {[%emt 00:00:02]} Rc3 {[%clk 00:00:13]} {[%emt 00:00:14]}
32. Rxc3 {[%clk 00:00:26]} {[%emt 00:00:11]} Nxc3 {[%clk 00:00:14]} {[%emt
00:00:01]} 33. Nc6+ {[%clk 00:00:28]} Kd6 {[%clk 00:00:15]} {[%emt 00:00:02]}
34. Nxa7 {[%clk 00:00:28]} {[%emt 00:00:01]} d4 {[%clk 00:00:11]} {[%emt
00:00:06]} 35. Kf1 {[%clk 00:00:26]} {[%emt 00:00:05]} e5 {[%clk 00:00:11]}
{[%emt 00:00:01]} 36. f3 {[%clk 00:00:26]} {[%emt 00:00:01]} e4 {[%clk
00:00:13]} 37. fxe4 {[%clk 00:00:24]} {[%emt 00:00:05]} fxe4 {[%clk 00:00:13]}
{[%emt 00:00:01]} 38. g4 {[%clk 00:00:25]} {[%emt 00:00:02]} d3 {[%clk
00:00:13]} {[%emt 00:00:02]} 39. Ke1 {[%clk 00:00:24]} {[%emt 00:00:02]} e3
{[%clk 00:00:14]} {[%emt 00:00:01]} 0-1

[Event "Druzheskij Blitz (3+2) turnir ¹3 na Iristonskoj 06.10.2019g."]
[Site "VLADIKAVKAZ"]
[Date "2019.10.06"]
[Round "5.2"]
[White "Agkatsev, Felix A"]
[Black "Basiev, Valeriy P."]
[Result "1/2-1/2"]
[TimeControl "3' + 2\""]
[WhiteElo "1583"]
[BlackElo "2002"]

1. d4 {[%clk 00:03:03]} Nf6 {[%clk 00:03:03]} {[%emt 00:00:01]} 2. c4 {[%clk
00:03:05]} {[%emt 00:00:01]} g6 {[%clk 00:03:04]} 3. Nc3 {[%clk 00:03:06]} Bg7
{[%clk 00:03:05]} 4. e4 {[%clk 00:03:07]} d6 {[%clk 00:03:07]} 5. f3 {[%clk
00:03:09]} {[%emt 00:00:04]} O-O {[%clk 00:03:07]} {[%emt 00:00:01]} 6. Be3
{[%clk 00:03:10]} b6 {[%clk 00:03:08]} {[%emt 00:00:02]} 7. Bd3 {[%clk
00:03:10]} {[%emt 00:00:02]} a6 {[%clk 00:03:09]} {[%emt 00:00:01]} 8. Nge2
{[%clk 00:03:11]} {[%emt 00:00:01]} c5 {[%clk 00:03:10]} {[%emt 00:00:01]} 9.
Qd2 {[%clk 00:03:10]} {[%emt 00:00:03]} Nc6 {[%clk 00:02:58]} {[%emt 00:00:14]}
10. d5 {[%clk 00:03:03]} {[%emt 00:00:09]} Ne5 {[%clk 00:02:58]} {[%emt
00:00:01]} 11. O-O {[%clk 00:02:52]} {[%emt 00:00:13]} e6 {[%clk 00:02:54]}
{[%emt 00:00:06]} 12. b3 {[%clk 00:02:43]} {[%emt 00:00:11]} Nxd3 {[%clk
00:02:51]} {[%emt 00:00:05]} 13. Qxd3 {[%clk 00:02:44]} {[%emt 00:00:01]} exd5
{[%clk 00:02:51]} {[%emt 00:00:02]} 14. exd5 {[%clk 00:02:37]} {[%emt
00:00:09]} Bf5 {[%clk 00:02:48]} {[%emt 00:00:04]} 15. Qd2 {[%clk 00:02:38]}
Re8 {[%clk 00:02:43]} {[%emt 00:00:07]} 16. Rad1 {[%clk 00:02:32]} {[%emt
00:00:07]} Bd7 {[%clk 00:02:38]} {[%emt 00:00:08]} 17. Bf4 {[%clk 00:02:28]}
{[%emt 00:00:06]} Qc7 {[%clk 00:02:31]} {[%emt 00:00:10]} 18. Ng3 {[%clk
00:02:21]} {[%emt 00:00:08]} b5 {[%clk 00:02:20]} {[%emt 00:00:13]} 19. Rfe1
{[%clk 00:02:19]} {[%emt 00:00:04]} bxc4 {[%clk 00:02:06]} {[%emt 00:00:16]} 20.
bxc4 {[%clk 00:02:20]} Rab8 {[%clk 00:01:54]} {[%emt 00:00:14]} 21. Rb1 {[%clk
00:02:06]} {[%emt 00:00:17]} Rb4 {[%clk 00:01:49]} {[%emt 00:00:06]} 22. Rxb4
{[%clk 00:02:04]} {[%emt 00:00:05]} cxb4 {[%clk 00:01:50]} 23. Nce4 {[%clk
00:02:00]} {[%emt 00:00:06]} Qxc4 {[%clk 00:01:23]} {[%emt 00:00:30]} 24. Nxf6+
{[%clk 00:01:55]} {[%emt 00:00:07]} Bxf6 {[%clk 00:01:21]} {[%emt 00:00:04]} 25.
Rxe8+ {[%clk 00:01:53]} {[%emt 00:00:03]} Bxe8 {[%clk 00:01:22]} {[%emt
00:00:01]} 26. Bxd6 {[%clk 00:01:53]} {[%emt 00:00:02]} Bd4+ {[%clk 00:01:12]}
{[%emt 00:00:11]} 27. Kh1 {[%clk 00:01:49]} {[%emt 00:00:07]} a5 {[%clk
00:00:49]} {[%emt 00:00:25]} 28. h3 {[%clk 00:01:44]} {[%emt 00:00:07]} Qxd5
{[%clk 00:00:42]} {[%emt 00:00:09]} 29. Bc7 {[%clk 00:01:42]} {[%emt 00:00:03]}
Qc5 {[%clk 00:00:34]} {[%emt 00:00:10]} 30. Bf4 {[%clk 00:01:39]} {[%emt
00:00:04]} Qc3 {[%clk 00:00:21]} {[%emt 00:00:16]} 31. Qe2 {[%clk 00:01:38]}
{[%emt 00:00:02]} Bc6 {[%clk 00:00:17]} {[%emt 00:00:07]} 32. Ne4 {[%clk
00:01:21]} {[%emt 00:00:19]} Qa1+ {[%clk 00:00:11]} {[%emt 00:00:08]} 33. Kh2
{[%clk 00:01:22]} {[%emt 00:00:01]} Qg1+ {[%clk 00:00:10]} {[%emt 00:00:03]} 34.
Kg3 {[%clk 00:01:21]} {[%emt 00:00:03]} Bxe4 {[%clk 00:00:10]} {[%emt
00:00:02]} 35. Qxe4 {[%clk 00:01:16]} {[%emt 00:00:06]} Qf2+ {[%clk 00:00:09]}
{[%emt 00:00:03]} 36. Kh2 {[%clk 00:01:17]} {[%emt 00:00:02]} Qg1+ {[%clk
00:00:07]} {[%emt 00:00:05]} 37. Kg3 {[%clk 00:01:17]} {[%emt 00:00:01]} Qf2+
{[%clk 00:00:04]} {[%emt 00:00:04]} 38. Kh2 {[%clk 00:01:18]} Qg1+ {[%clk
00:00:05]} {[%emt 00:00:01]} 1/2-1/2

[Event "Druzheskij Blitz (3+2) turnir ¹3 na Iristonskoj 06.10.2019g."]
[Site "VLADIKAVKAZ"]
[Date "2019.10.06"]
[Round "5.3"]
[White "Agkatsev, Albert A"]
[Black "Gaboev, Batraz"]
[Result "1-0"]
[TimeControl "3' + 2\""]
[WhiteElo "1725"]
[BlackElo "1987"]

1. e4 c5 {[%emt 00:00:01]} 2. Nf3 {[%emt 00:00:01]} d6 3. d4 cxd4 4. Nxd4
{[%clk 00:03:06]} Nf6 {[%emt 00:00:01]} 5. Nc3 a6 {[%clk 00:03:08]} 6. Bc4
{[%clk 00:03:08]} {[%emt 00:00:02]} e6 {[%clk 00:03:08]} {[%emt 00:00:03]} 7.
Bb3 {[%clk 00:03:09]} Nbd7 {[%clk 00:03:08]} {[%emt 00:00:03]} 8. f3 {[%emt
00:00:08]} Nc5 9. Be3 {[%emt 00:00:01]} Qc7 {[%emt 00:00:01]} 10. Qd2 {[%clk
00:03:01]} {[%emt 00:00:04]} b5 {[%clk 00:03:11]} 11. O-O-O {[%emt 00:00:09]}
Bb7 12. Kb1 {[%clk 00:02:31]} {[%emt 00:00:26]} Be7 {[%clk 00:03:13]} {[%emt
00:00:02]} 13. Ndxb5 {[%emt 00:00:07]} axb5 {[%emt 00:00:01]} 14. Nxb5 {[%emt
00:00:01]} Qb8 15. Nxd6+ Bxd6 16. Qxd6 {[%clk 00:02:28]} Qxd6 {[%clk 00:03:18]}
{[%emt 00:00:02]} 17. Rxd6 Nxb3 {[%emt 00:00:01]} 18. axb3 {[%clk 00:02:29]}
{[%emt 00:00:02]} O-O {[%clk 00:03:03]} {[%emt 00:00:19]} 19. Rhd1 {[%clk
00:02:29]} {[%emt 00:00:01]} h5 {[%clk 00:02:45]} {[%emt 00:00:19]} 20. Bg5
{[%clk 00:02:20]} {[%emt 00:00:11]} Nh7 {[%clk 00:02:34]} {[%emt 00:00:13]} 21.
Be7 {[%clk 00:02:08]} {[%emt 00:00:14]} Rfe8 {[%clk 00:02:35]} {[%emt
00:00:02]} 22. Rd7 {[%clk 00:02:03]} {[%emt 00:00:07]} Bc6 {[%clk 00:02:27]}
{[%emt 00:00:10]} 23. Rc7 {[%clk 00:02:03]} {[%emt 00:00:02]} Rac8 {[%clk
00:02:23]} {[%emt 00:00:06]} 24. Rxc8 {[%emt 00:00:08]} Rxc8 {[%emt 00:00:01]}
25. c4 {[%clk 00:01:45]} {[%emt 00:00:14]} f5 {[%clk 00:02:24]} {[%emt
00:00:01]} 26. e5 {[%clk 00:01:31]} {[%emt 00:00:16]} g5 {[%clk 00:02:19]}
{[%emt 00:00:07]} 27. c5 {[%clk 00:01:08]} {[%emt 00:00:25]} g4 {[%clk
00:02:19]} {[%emt 00:00:02]} 28. fxg4 {[%clk 00:01:06]} {[%emt 00:00:04]} hxg4
{[%clk 00:02:14]} {[%emt 00:00:07]} 29. g3 {[%clk 00:01:06]} Rc7 {[%clk
00:01:56]} {[%emt 00:00:20]} 30. Bd6 {[%clk 00:00:59]} {[%emt 00:00:10]} Rb7
{[%clk 00:01:57]} {[%emt 00:00:01]} 31. Kc2 {[%clk 00:00:53]} {[%emt 00:00:09]}
Bd5 {[%clk 00:01:56]} {[%emt 00:00:03]} 32. Ra1 {[%clk 00:00:48]} {[%emt
00:00:07]} Bxb3+ {[%clk 00:01:54]} {[%emt 00:00:04]} 33. Kc3 {[%clk 00:00:48]}
{[%emt 00:00:02]} Ng5 {[%clk 00:01:53]} {[%emt 00:00:03]} 34. Ra8+ {[%clk
00:00:42]} {[%emt 00:00:08]} Kg7 {[%clk 00:01:52]} {[%emt 00:00:03]} 35. Ra3
{[%clk 00:00:37]} {[%emt 00:00:08]} Ne4+ {[%clk 00:01:49]} {[%emt 00:00:04]} 36.
Kd4 {[%clk 00:00:33]} {[%emt 00:00:05]} Bd5 {[%clk 00:01:47]} {[%emt 00:00:05]}
37. b3 {[%clk 00:00:26]} {[%emt 00:00:10]} Nd2 {[%clk 00:01:39]} {[%emt
00:00:10]} 38. Kc3 {[%clk 00:00:21]} {[%emt 00:00:06]} Rxb3+ {[%clk 00:01:24]}
{[%emt 00:00:17]} 39. Rxb3 {[%clk 00:00:15]} {[%emt 00:00:10]} Nxb3 {[%clk
00:01:24]} {[%emt 00:00:02]} 40. c6 {[%clk 00:00:16]} Nc1 {[%clk 00:01:18]}
{[%emt 00:00:08]} 41. c7 {[%clk 00:00:14]} {[%emt 00:00:04]} Bb7 {[%clk
00:01:19]} 42. Kd2 {[%clk 00:00:13]} {[%emt 00:00:02]} Nb3+ 43. Kc3 {[%emt
00:00:03]} Na5 {[%clk 00:01:18]} {[%emt 00:00:03]} 44. Kb4 {[%clk 00:00:13]}
{[%emt 00:00:04]} Nc6+ {[%clk 00:01:15]} {[%emt 00:00:05]} 45. Kc5 {[%clk
00:00:14]} {[%emt 00:00:01]} Kg6 {[%clk 00:01:04]} {[%emt 00:00:14]} 46. Kb6
{[%clk 00:00:14]} {[%emt 00:00:01]} Ba8 {[%clk 00:00:53]} {[%emt 00:00:12]} 47.
c8=Q {[%clk 00:00:10]} {[%emt 00:00:07]} 1-0

[Event "Druzheskij Blitz (3+2) turnir ¹3 na Iristonskoj 06.10.2019g."]
[Site "VLADIKAVKAZ"]
[Date "2019.10.06"]
[Round "5.4"]
[White "Koraev, Kazbek"]
[Black "Storozhenko, Mihail"]
[Result "1-0"]
[TimeControl "3' + 2\""]
[WhiteElo "1755"]
[BlackElo "1061"]

1. e4 {[%clk 00:03:02]} e5 {[%clk 00:03:04]} 2. Nf3 {[%clk 00:03:01]} {[%emt
00:00:03]} Nc6 {[%clk 00:03:05]} {[%emt 00:00:02]} 3. Bb5 {[%clk 00:03:02]} d6
{[%clk 00:03:05]} {[%emt 00:00:02]} 4. d4 {[%clk 00:03:02]} {[%emt 00:00:02]}
Bd7 {[%clk 00:02:56]} {[%emt 00:00:11]} 5. O-O {[%clk 00:02:56]} {[%emt
00:00:08]} Nge7 {[%clk 00:02:53]} {[%emt 00:00:04]} 6. Re1 {[%clk 00:02:53]}
{[%emt 00:00:05]} g6 {[%clk 00:01:54]} {[%emt 00:01:01]} 7. Bg5 {[%clk
00:02:40]} {[%emt 00:00:14]} Bg7 {[%clk 00:01:30]} {[%emt 00:00:27]} 8. dxe5
{[%clk 00:02:29]} {[%emt 00:00:13]} dxe5 {[%clk 00:01:26]} {[%emt 00:00:05]} 9.
Nc3 {[%clk 00:02:26]} {[%emt 00:00:04]} f6 {[%clk 00:01:25]} {[%emt 00:00:04]}
10. Be3 {[%clk 00:02:21]} {[%emt 00:00:06]} O-O {[%clk 00:01:24]} {[%emt
00:00:04]} 11. Qd2 {[%clk 00:02:21]} {[%emt 00:00:02]} a6 {[%clk 00:01:17]}
{[%emt 00:00:09]} 12. Ba4 {[%clk 00:02:12]} {[%emt 00:00:11]} b5 {[%clk
00:01:18]} {[%emt 00:00:02]} 13. Bb3+ {[%clk 00:02:13]} {[%emt 00:00:01]} Kh8
{[%clk 00:01:19]} 14. Rad1 {[%clk 00:02:14]} {[%emt 00:00:02]} Bg4 {[%clk
00:00:59]} {[%emt 00:00:22]} 15. Nd5 {[%clk 00:02:02]} {[%emt 00:00:14]} Bxf3
{[%clk 00:00:49]} {[%emt 00:00:13]} 16. gxf3 {[%clk 00:02:02]} {[%emt
00:00:02]} Nd4 {[%clk 00:00:35]} {[%emt 00:00:16]} 17. Bxd4 {[%clk 00:01:54]}
{[%emt 00:00:10]} exd4 {[%clk 00:00:36]} {[%emt 00:00:01]} 18. Qxd4 {[%clk
00:01:44]} {[%emt 00:00:12]} f5 {[%clk 00:00:37]} {[%emt 00:00:02]} 19. Qe3
{[%clk 00:01:36]} {[%emt 00:00:08]} fxe4 {[%clk 00:00:21]} {[%emt 00:00:19]} 20.
fxe4 {[%clk 00:01:34]} {[%emt 00:00:03]} 1-0